000
00284nam a22001337a 4500
008
170809b xxu||||| |||| 00| 0 eng d
020
_a
9780838908648
041
_a
eng
080
_a
004
100
_a
35
101
_a
SHK
245
_a
KEEPING CURRENT
_c
COHEN,S.M
942
_2
udc
_c
BK
999
_c
22978
_d
22978